| 000 | 00490nam a22001937a 4500 | ||
|---|---|---|---|
| 003 | NUST - PNEC | ||
| 005 | 20170116180756.0 | ||
| 008 | 150403b xxu||||| |||| 00| 0 eng d | ||
| 020 | _a0761925074 | ||
| 040 | _cLIBRARY | ||
| 082 | _a303.66 BAR | ||
| 100 |
_92073 _aBarash David P. |
||
| 245 |
_a Peace and conflict studies _cDavid P. Barash |
||
| 250 | _a- | ||
| 260 |
_aLondon _bSage Publications _cc2002. |
||
| 300 | _a571 p. : | ||
| 650 |
_92075 _aPeace _xGeneral |
||
| 942 |
_2ddc _cBK |
||
| 999 |
_c62739 _d62739 |
||